INDOVINA LO STATO EUROPEO CON IL SUO NOME IN LINGUA MADRE - Statistics

Statistiche generali
  • Questo quiz è stato fatto 265 volte
  • Il punteggio medio è 31 su 42
Statistiche sulle risposte
domanda risposta % Corretto
France Francia
94%
Belgique Belgio
93%
Danmark Danimarca
93%
Portugal Portogallo
93%
United Kingdom Regno Unito
93%
Bosna i Hercegovina Bosnia
92%
Deutschland Germania
92%
island Islanda
92%
moldova Moldavia
92%
Polska Polonia
92%
Česká republika Repubblica Ceca
92%
Slovenija Slovenia
92%
España Spagna
92%
türkiye Turchia
92%
Vaticanus Vaticano
92%
Norge Norvegia
90%
Nederland Olanda
90%
Schweizerisch Svizzera
90%
Azərbaycan Azerbaijan
87%
Latvija Lettonia
87%
Lietuva Lituania
87%
Slovensko Slovacchia
86%
Sverige Svezia
85%
Eesti Estonia
73%
Ελλάδα Grecia
70%
Россия Russia
70%
Österreich Austria
67%
Северна Македонија Macedonia
62%
Shqipëria Albania
54%
Україна Ucraina
54%
Беларусь Bielorussia
51%
Hrvatska Croazia
51%
Suomi Finlandia
51%
Magyarország Ungheria
50%
Κύπρος Cipro
49%
Éireann Irlanda
49%
България Bulgaria
47%
Crna Gora Montenegro
42%
Србија Serbia
42%
საქართველოს Georgia
39%
қазақстан Kazakistan
36%
Հայաստան Armenia
35%
Nessun quiz corrispondente trovato
Distribuzione punteggi
Percentuale di utenti per punteggio
Percentile per numero di risposta
I tuoi punteggi nel tempo
Non hai fatto questo quiz